00485nam a2200169Ia 4500008004100000041000800041082001400049100003000063245001900093250000800112260004700120300000700167650002200174942000700196952009700203999001500300230711s9999||||xx |||||||||||||| ||und|| aENG a624bBU-I aBureau of Indian Standard 0aIS : 2131 1982 a1st c1982aNew DelhibBureau of Indian Standard a10 aCivil Engineering cBK 001040708RaMCLbMCLd0000-00-00l0o624 BU-Ip11507r2023-08-17 14:02:47w2023-08-17yBK c3129d3129